Malaysia office furniture directory 2010-2012.
| Corporate Author: | |
|---|---|
| Format: | Book |
| Published: |
Kuala Lumpur:
MATRADE,
2010.
|
| Subjects: |
| LEADER | 00490cam a2200145 7i4500 | ||
|---|---|---|---|
| 001 | 0000025370 | ||
| 005 | 20101221090000.0 | ||
| 090 | 0 | 0 | |a M 684.1025 |b MAL |
| 110 | 2 | 0 | |a Malaysia External Trade Development Corporation (MATRADE) |
| 245 | 2 | 0 | |a Malaysia office furniture directory 2010-2012. |
| 260 | 0 | 0 | |a Kuala Lumpur: |b MATRADE, |c 2010. |
| 300 | # | # | |a 158 p. |
| 650 | 0 | 0 | |a Office furniture -- |x Directories -- |z Malaysia |
| 651 | 0 | 0 | |a Malaysia |
| 999 | |a 0000028031 |b Directories |c Malaysia |e Business Information Centre | ||